A dark inheritance #1 / Chris d'Lacey.
Available copies
- 1 of 1 copy available at LARL/NWRL Consortium.
- 1 of 1 copy available at Northwest Regional Library. (Show preferred library)
Current holds
0 current holds with 1 total copy.
Show Only Available Copies
| Location | Call Number / Copy Notes | Barcode | Shelving Location | Status | Due Date |
|---|---|---|---|---|---|
| Roseau Public Library | j DLA (Text) | 35500005415623 | Main | Available | - |
Record details
- ISBN: 9780545608763 (jacketed hardcover)
- ISBN: 0545608767 (jacketed hardcover)
- Physical Description: 291 pages ; 22 cm.
- Edition: First edition.
- Publisher: New York : Scholastic Press, 2014.
Content descriptions
| Summary, etc.: | When Michael Malone saves a dog, he discovers that ... Read More |
Search for related items by subject
| Genre: | Mystery fiction. Adventure fiction. |
Search for related items by series
| LDR | 02440cam a22006018i 4500 | ||
|---|---|---|---|
| 001 | 166636 | ||
| 003 | LARL_NWRL_CONSORTIUM | ||
| 005 | 20140530105614.0 | ||
| 008 | 130828s2014 nyu c 000 1 eng c | ||
| 010 | . | ‡a2013027397 | |
| 019 | . | ‡a862094685 | |
| 020 | . | ‡a9780545608763 (jacketed hardcover) | |
| 020 | . | ‡a0545608767 (jacketed hardcover) | |
| 035 | . | ‡a(OCoLC)857370250 ‡z(OCoLC)862094685 | |
| 040 | . | ‡aNJQ/DLC ‡beng ‡erda ‡cZQP ‡dDLC ‡dYDXCP ‡dBTCTA ‡dBDX ‡dOI6 ‡dUOK | |
| 042 | . | ‡alcac ‡apcc | |
| 050 | 0 | 0. | ‡aPZ7.D6475 ‡bDb 2014 |
| 082 | 0 | 4. | ‡a[Fic] ‡223 |
| 082 | 0 | 4. | ‡a813.6 ‡223 |
| 100 | 1 | . | ‡aD'Lacey, Chris, ‡eauthor. ‡0(LARL_NWRL_CONSORTIUM)189256 |
| 245 | 1 | 2. | ‡aA dark inheritance ‡n#1 / ‡cChris d'Lacey. |
| 250 | . | ‡aFirst edition. | |
| 260 | . | ‡aNew York : ‡bScholastic Press, ‡c2014. | |
| 300 | . | ‡a291 pages ; ‡c22 cm. | |
| 336 | . | ‡atext ‡btxt ‡2rdacontent | |
| 337 | . | ‡aunmediated ‡bn ‡2rdamedia | |
| 338 | . | ‡avolume ‡bnc ‡2rdacarrier | |
| 490 | 0 | . | ‡aUNICORNE files ; ‡v1 |
| 490 | 0 | . | ‡aUFiles ; ‡v1 |
| 520 | . | ‡aWhen Michael Malone saves a dog, he discovers that he has paranormal abilities, which bring him to the attention of a secret organization, UNICORNE--but he plans to use the ability to find out what happened to his father, who mysteriously vanished three years earlier, and save his new friend, Freya. | |
| 650 | 0. | ‡aMissing persons ‡vJuvenile fiction. ‡0(LARL_NWRL_CONSORTIUM)173418 | |
| 650 | 0. | ‡aSecret societies ‡vJuvenile fiction. | |
| 650 | 0. | ‡aMothers and sons ‡vJuvenile fiction. | |
| 650 | 0. | ‡aFriendship ‡vJuvenile fiction. ‡0(LARL_NWRL_CONSORTIUM)164914 | |
| 650 | 0. | ‡aParanormal fiction. | |
| 650 | 0. | ‡aAdventure stories. ‡0(LARL_NWRL_CONSORTIUM)12829 | |
| 650 | 1. | ‡aMystery and detective stories. ‡0(LARL_NWRL_CONSORTIUM)176113 | |
| 650 | 1. | ‡aMissing persons ‡vFiction. ‡0(LARL_NWRL_CONSORTIUM)165976 | |
| 650 | 1. | ‡aSecret societies ‡vFiction. ‡0(LARL_NWRL_CONSORTIUM)167312 | |
| 650 | 1. | ‡aMothers and sons ‡vFiction. ‡0(LARL_NWRL_CONSORTIUM)166024 | |
| 650 | 1. | ‡aFriendship ‡vFiction. ‡0(LARL_NWRL_CONSORTIUM)164944 | |
| 650 | 1. | ‡aSupernatural ‡vFiction ‡0(LARL_NWRL_CONSORTIUM)167353 | |
| 650 | 1. | ‡aAdventure and adventurers ‡vFiction. ‡0(LARL_NWRL_CONSORTIUM)175858 | |
| 655 | 7. | ‡aMystery fiction. ‡2gsafd | |
| 655 | 7. | ‡aAdventure fiction. ‡2gsafd | |
| 948 | . | ‡hNO HOLDINGS IN LAL - 132 OTHER HOLDINGS | |
| 994 | . | ‡aZ0 ‡bLAL | |
| 901 | . | ‡a166636 ‡bOCLC ‡c166636 ‡tbiblio | |

Add to basket
Permalink
Disable Highlighting